Largest cities in the Benelux - Statistics

General Stats
  • This quiz has been taken 65 times
  • The average score is 23 of 43
Answer Stats
Country Population City % Correct
NL 903.399 Amsterdam
100%
NL 655.468 Rotterdam
100%
BE 188.737 Brussels
95%
NL 553.417 The Hague
95%
LU 131.910 Luxembourg
94%
BE 530.630 Antwerp
92%
NL 238.326 Eindhoven
84%
BE 265.086 Ghent
83%
NL 361.699 Utrecht
83%
BE 195.278 Liège
81%
BE 118.509 Bruges
79%
NL 234.950 Groningen
78%
NL 121.151 Maastricht
70%
NL 179.100 Nijmegen
62%
BE 202.421 Charleroi
60%
NL 224.459 Tilburg
60%
NL 184.702 Breda
57%
NL 162.898 Haarlem
57%
NL 125.074 Leiden
54%
BE 112.559 Namur
54%
NL 110.783 Alkmaar
52%
NL 160.640 Enschede
51%
NL 119.537 Dordrecht
49%
NL 163.888 Arnhem
46%
NL 130.668 Zwolle
46%
BE 122.547 Anderlecht
44%
NL 165.611 Apeldoorn
43%
NL 217.828 Almere
41%
NL 156.538 's-Hertogenbosch
41%
NL 102.136 Venlo
41%
BE 102.236 Leuven
40%
NL 104.572 Delft
37%
NL 125.504 Leeuwarden
35%
NL 158.590 Amersfoort
33%
NL 125.767 Zoetermeer
25%
NL 101.446 Deventer
24%
NL 107.856 Emmen
24%
BE 130.690 Schaerbeek
22%
NL 157.166 Zaanstad
22%
NL 159.336 Haarlemmermeer
16%
NL 119.986 Ede
14%
NL 112.926 Alphen aan den Rijn
10%
NL 112.448 Westland
6%
No matching quizzes found
Score Distribution
Percent of People with Each Score
Percentile by Number Answered
Your Score History
You have not taken this quiz